书目信息 |
| 题名: |
英汉翻译教学与研究
|
|
| 作者: | 崔秀芬 著 | |
| 分册: | ||
| 出版信息: | 沈阳 辽海出版社 2019.01 |
|
| 页数: | 198页 | |
| 开本: | 24cm | |
| 丛书名: | ||
| 单 册: | ||
| 中图分类: | H315.9 | |
| 科图分类: | ||
| 主题词: | 英语--ying yu--翻译--教学研究 | |
| 电子资源: | ||
| ISBN: | 978-7-5451-4559-5 | |
| 000 | 00870nam0 2200241 450 | |
| 001 | 202019133762 | |
| 005 | 20190921113345.0 | |
| 010 | @a978-7-5451-4559-5@dCNY50.00 | |
| 100 | @a20190919d2019 em y0chiy50 ea | |
| 101 | 0 | @achi |
| 102 | @aCN@b210000 | |
| 105 | @aak a 000yy | |
| 106 | @ar | |
| 200 | 1 | @a英汉翻译教学与研究@Aying han fan yi jiao xue yu yan jiu@f崔秀芬著 |
| 210 | @a沈阳@c辽海出版社@d2019.01 | |
| 215 | @a198页@c图@d24cm | |
| 320 | @a有书目 (第196-198页) | |
| 330 | @a本书认为翻译教学及教学研究不仅对译学建构和其学术地位的确立具有特别重要的意义, 而且翻译学理论对翻译教学更具直接的理论指导意义。本书对英语翻译的常用技巧进行了研究, 希望能对英语翻译水平的提高有所帮助。 | |
| 606 | 0 | @a英语@Aying yu@x翻译@x教学研究 |
| 690 | @aH315.9@v5 | |
| 701 | 0 | @a崔秀芬@Acui xiu fen@4著 |
| 801 | 0 | @aCN@c20190905 |
| 905 | @a河南城建学院图书馆@dH315.9@eC975 | |
| 英汉翻译教学与研究/崔秀芬著.-沈阳:辽海出版社,2019.01 |
| 198页:图;24cm |
| ISBN 978-7-5451-4559-5:CNY50.00 |
| 本书认为翻译教学及教学研究不仅对译学建构和其学术地位的确立具有特别重要的意义, 而且翻译学理论对翻译教学更具直接的理论指导意义。本书对英语翻译的常用技巧进行了研究, 希望能对英语翻译水平的提高有所帮助。 |
| ● |
| 相关链接 |
|
|
|
正题名:英汉翻译教学与研究
索取号:H315.9/C975
 
预约/预借
| 序号 | 登录号 | 条形码 | 馆藏地/架位号 | 状态 | 备注 |
| 1 | 1441296 | 214412964 | 语言库209/209语言库 9排1列2层/ [索取号:H315.9/C975] | 在馆 | |
| 2 | 1441297 | 214412973 | 语言库209/209语言库 9排1列2层/ [索取号:H315.9/C975] | 在馆 |